000
00228nam a22001097a 4500
082
_a
621.3815 LIN'R
100
_a
RCA
_9
73709
245
_a
LINEAR INTEGRATD CIRCUITS
260
_a
USA
_b
RCA
_c
1974
300
_a
448P
942
_c
BK
999
_c
579941
_d
579941